| 000 | 00647nam a2200205 a 4500 | ||
|---|---|---|---|
| 005 | 20210223125348.0 | ||
| 008 | 040428s2000 mx r 000 0 spa d | ||
| 020 | _a847290170X | ||
| 035 | _aUPN01000133193 | ||
| 049 | _aC | ||
| 050 | 4 |
_aGN307 _bD5.28a |
|
| 245 | 0 | 0 |
_aDiccionario de antropología / _ced. Thomas Barfield ; tr. Carlos Sánchez-Rodrigo. |
| 260 |
_aBarcelona, Esp. : _bBellaterra, _cc2000. |
||
| 300 | _a813 p. | ||
| 534 |
_pTraducción de: _tThe dictionary of anthropology |
||
| 650 | 4 |
_aANTROPOLOGIA - _vDICCIONARIOS _94765 |
|
| 650 | 4 |
_aETNOLOGIA - _vDICCIONARIOS _916406 |
|
| 700 | 1 |
_aBarfield, Thomas, _eed. |
|
| 905 | _aLibro | ||
| 999 |
_c105345 _d105345 |
||